000 00714nam a22002297a 4500
003 UA-OsUOA
001 121980
007 ta
008 20170407b un ||||| |||| 00| 0 ukr d
090 _a94(477).011
_bК71
942 _cBK
040 _aUA-OsUOA
_bukr
_cUA-OsUOA
_dUA-OsUOA
245 _aКосмос Древньої України. Трипілля - Троянь
_bмітологія, філософія, ентогенез
_cупор. В. Довгич
300 _a304 с.
955 _a1
041 _aukr
080 _a94(477).011
591 _aДімаров А.
260 _aК.
_bКнига
_c1992
650 7 _a9 Географія. Біографії. Історія
_2UDC
999 _c407956
_d407956